Dracula (Record no. 15646)
[ view plain ]
| 000 -LEADER | |
|---|---|
| fixed length control field | 04439ngm a22006737a 4500 |
| 008 - FIXED-LENGTH DATA ELEMENTS--GENERAL INFORMATION | |
| fixed length control field | 110621s2004 cau|||||s|||| 00| 0 eng d |
| 020 ## - INTERNATIONAL STANDARD BOOK NUMBER | |
| International Standard Book Number | 078328814X |
| 024 ## - OTHER STANDARD IDENTIFIER | |
| Standard number or code | 025192445521 |
| 082 04 - DEWEY DECIMAL CLASSIFICATION NUMBER | |
| Classification number | 791.4375 |
| Item number | DRA |
| Edition number | 22 |
| 245 04 - TITLE STATEMENT | |
| Title | Dracula |
| Medium | [videorecording] : |
| Remainder of title | the Legacy Collection / |
| Statement of responsibility, etc | Universal Pictures |
| 260 ## - PUBLICATION, DISTRIBUTION, ETC. (IMPRINT) | |
| Place of publication, distribution, etc | Universal City, CA : |
| Name of publisher, distributor, etc | Universal , 2004. |
| Date of publication, distribution, etc | 2004 |
| 300 ## - PHYSICAL DESCRIPTION | |
| Extent | 2 videodiscs (ca. 397 min.) : |
| Other physical details | sd., b&w ; |
| Dimensions | 4 3/4 in. |
| 500 ## - GENERAL NOTE | |
| General note | Originally released as motion pictures: Dracula (both versions) in 1931; Dracula's daughter in 1936; Son of Dracula in 1943; House of Dracula in 1945 |
| 500 ## - GENERAL NOTE | |
| General note | Based on the novel by Bram Stoker |
| 500 ## - GENERAL NOTE | |
| General note | Special features: original documentary "The Road to Dracula"; feature film commentary from film historian David J. Skal; alternate audio track (5.1 surround) with new score composed by Philip Glass, performed by the Kronos Quartet; introduction to Spanish version by star Lupita Tovar; theatrical trailers; newly remastered audio track |
| 505 ## - FORMATTED CONTENTS NOTE | |
| Title | Disc 1 Dracula. Disc 2 -side one Dracula (Spanish version) Dracula's Daughter -- Disc 2-side two Son of Dracula and House of Dracula. |
| 508 ## - CREATION/PRODUCTION CREDITS NOTE | |
| Creation/production credits note | (Dracula) director of photography, Karl Freund; produced by Carle Laemmle, Jr. ; directed by Tod Browning ; play script, Garrett Fort; (Dracula's daughter)directed by Lambert Hillyer ; screenplay, Garrett Fort; produced by, E. M. Asher; director of photography, George Robinson; (Son of Dracula) produced by Ford Beebe ; directed by Robert Siodmak ; screenplay, Eric Taylor; director of photography, George Robinson; (House of Dracula) produced by Paul Malvern ; directed by Erle C. Kenton ; original screenplay by Edward T. Lowe; director of photography, George Robinson |
| 511 ## - PARTICIPANT OR PERFORMER NOTE | |
| Participant or performer note | Bela Lugosi, Helen Chandler, David Manners, Carlos Villar, Lupita Tovar, Barry Norton, Otto Kruger, Gloria Holden, Marguerite Churchill, Robert Paige, Louise Allbritton, Lon Chaney, John Carradine, Martha O'Driscoll. |
| 520 ## - SUMMARY, ETC. | |
| Summary, etc | Dracula: The vampire Count Dracula arrives in England and begins to prey upon the young and virtuous Mina. Dracula's daughter: A hypnotic woman steals the body of Count Dracula and bloodless corpses start appearing in London again. Son of Dracula: Carpathian Count Alucard is invited to the United States by a young and morbid heiress. House of Dracula: Dracula arrives at Dr. Edelman's office asking for a cure to his vampirism. |
| 521 ## - TARGET AUDIENCE NOTE | |
| Target audience note | MPAA rating: Not rated |
| 538 ## - SYSTEM DETAILS NOTE | |
| System details note | DVD, Region 1,NTSC; full screen (1.33:1) presentation; Dolby Digital mono. |
| 546 ## - LANGUAGE NOTE | |
| Language note | All films in English, with optional English captions and Spanish and French subtitles, except, Dracula (Spanish version) in Spanish, with optional English and French subtitles. |
| 650 ## - SUBJECT ADDED ENTRY--TOPICAL TERM | |
| 9 (RLIN) | 25636 |
| Topical term or geographic name as entry element | Dracula, Count (Fictitious character) |
| Form subdivision | Drama |
| 653 ## - INDEX TERM--UNCONTROLLED | |
| Arrived date list | June2011 |
| -- | June2011 |
| 655 ## - INDEX TERM--GENRE/FORM | |
| Genre/form data or focus term | Horror films |
| 655 ## - INDEX TERM--GENRE/FORM | |
| Genre/form data or focus term | Feature films |
| 700 ## - ADDED ENTRY--PERSONAL NAME | |
| 9 (RLIN) | 25637 |
| Personal name | Lugosi, Bela |
| Dates associated with a name | 1882-1956 |
| Relator term | act |
| 700 ## - ADDED ENTRY--PERSONAL NAME | |
| 9 (RLIN) | 25665 |
| Personal name | Lowe, Edward T. |
| Relator term | aus |
| 700 ## - ADDED ENTRY--PERSONAL NAME | |
| 9 (RLIN) | 25663 |
| Personal name | Malvern, Paul |
| Dates associated with a name | 1902-1993 |
| Relator term | pro |
| 700 ## - ADDED ENTRY--PERSONAL NAME | |
| 9 (RLIN) | 25664 |
| Personal name | Kenton, Erle C. |
| Dates associated with a name | 1896-1980 |
| Relator term | drt |
| 700 ## - ADDED ENTRY--PERSONAL NAME | |
| 9 (RLIN) | 25662 |
| Personal name | Taylor, Eric |
| Dates associated with a name | 1897-1952 |
| Relator term | aus |
| 700 ## - ADDED ENTRY--PERSONAL NAME | |
| 9 (RLIN) | 25638 |
| Personal name | Chandler, Helen |
| Dates associated with a name | 1906-1965 |
| Relator term | act |
| 700 ## - ADDED ENTRY--PERSONAL NAME | |
| 9 (RLIN) | 25639 |
| Personal name | Manners, David |
| Relator term | act |
| 700 ## - ADDED ENTRY--PERSONAL NAME | |
| 9 (RLIN) | 25640 |
| Personal name | Villar, Carlos |
| Dates associated with a name | 1892-1976. |
| Relator term | act |
| 700 ## - ADDED ENTRY--PERSONAL NAME | |
| 9 (RLIN) | 25641 |
| Personal name | Tovar, Lupita |
| Relator term | act |
| 700 ## - ADDED ENTRY--PERSONAL NAME | |
| 9 (RLIN) | 25642 |
| Personal name | Norton, Barry |
| Relator term | act |
| 700 ## - ADDED ENTRY--PERSONAL NAME | |
| 9 (RLIN) | 25643 |
| Personal name | Kruger, Otto |
| Dates associated with a name | 1885-1974 |
| Relator term | act |
| 700 ## - ADDED ENTRY--PERSONAL NAME | |
| 9 (RLIN) | 25644 |
| Personal name | Holden, Gloria |
| Dates associated with a name | 1908-1991 |
| Relator term | act |
| 700 ## - ADDED ENTRY--PERSONAL NAME | |
| 9 (RLIN) | 25645 |
| Personal name | Churchill, Marguerite |
| Relator term | act |
| 700 ## - ADDED ENTRY--PERSONAL NAME | |
| 9 (RLIN) | 25646 |
| Personal name | Paige, Robert |
| Dates associated with a name | 1910-1987 |
| Relator term | act |
| 700 ## - ADDED ENTRY--PERSONAL NAME | |
| 9 (RLIN) | 25647 |
| Personal name | Allbritton, Louise |
| Dates associated with a name | 1920-1979 |
| Relator term | act |
| 700 ## - ADDED ENTRY--PERSONAL NAME | |
| 9 (RLIN) | 25648 |
| Personal name | Chaney, Lon |
| Relator term | act |
| 700 ## - ADDED ENTRY--PERSONAL NAME | |
| 9 (RLIN) | 25650 |
| Personal name | O'Driscoll, Martha |
| Dates associated with a name | 1922-1998 |
| Relator term | act |
| 700 ## - ADDED ENTRY--PERSONAL NAME | |
| 9 (RLIN) | 25651 |
| Personal name | Freund, Karl |
| Relator term | cng |
| 700 ## - ADDED ENTRY--PERSONAL NAME | |
| 9 (RLIN) | 25652 |
| Personal name | Laemmle, Carl |
| Dates associated with a name | 1908-1979 |
| Relator term | pro |
| 700 ## - ADDED ENTRY--PERSONAL NAME | |
| 9 (RLIN) | 25653 |
| Personal name | Browning, Tod |
| Dates associated with a name | 1882-1962 |
| Relator term | drt |
| 700 ## - ADDED ENTRY--PERSONAL NAME | |
| 9 (RLIN) | 25654 |
| Personal name | Fort, Garrett |
| Relator term | aus |
| 700 ## - ADDED ENTRY--PERSONAL NAME | |
| 9 (RLIN) | 25657 |
| Personal name | Hillyer, Lambert |
| Dates associated with a name | 1893-1969 |
| Relator term | drt |
| 700 ## - ADDED ENTRY--PERSONAL NAME | |
| 9 (RLIN) | 25661 |
| Personal name | Siodmak, Robert |
| Dates associated with a name | 1900-1973 |
| Relator term | drt |
| 700 ## - ADDED ENTRY--PERSONAL NAME | |
| 9 (RLIN) | 25658 |
| Personal name | Asher, E. M. |
| Relator term | pro |
| 700 ## - ADDED ENTRY--PERSONAL NAME | |
| 9 (RLIN) | 25659 |
| Personal name | Robinson, George |
| Relator term | pro |
| -- | cng |
| 700 ## - ADDED ENTRY--PERSONAL NAME | |
| 9 (RLIN) | 25660 |
| Personal name | Beebe, Ford |
| Relator term | pro |
| 710 ## - ADDED ENTRY--CORPORATE NAME | |
| 9 (RLIN) | 25635 |
| Corporate name or jurisdiction name as entry element | Universal Pictures (Firm) |
| 740 ## - ADDED ENTRY--UNCONTROLLED RELATED/ANALYTICAL TITLE | |
| Uncontrolled related/analytical title | Dracula |
| 740 ## - ADDED ENTRY--UNCONTROLLED RELATED/ANALYTICAL TITLE | |
| Uncontrolled related/analytical title | Dracula's Daughter |
| 740 ## - ADDED ENTRY--UNCONTROLLED RELATED/ANALYTICAL TITLE | |
| Uncontrolled related/analytical title | Son of Dracula |
| 740 ## - ADDED ENTRY--UNCONTROLLED RELATED/ANALYTICAL TITLE | |
| Uncontrolled related/analytical title | House of Dracula |
| 942 ## - ADDED ENTRY ELEMENTS (KOHA) | |
| Source of classification or shelving scheme | Dewey Decimal Classification |
| Item type | CD | DVD - Movie (NB) |
| Withdrawn status | Lost status | Source of classification or shelving scheme | Damaged status | Not for loan | Koha collection | Location (home branch) | Sublocation or collection (holding branch) | Shelving location | Date acquired | Cost, normal purchase price | Invoice Number | Koha issues (times borrowed) | Koha renewals | Koha full call number | Piece designation (barcode) | Koha date last seen | Koha date last borrowed | Price effective from | Koha item type | Public note |
|---|---|---|---|---|---|---|---|---|---|---|---|---|---|---|---|---|---|---|---|---|
| Dewey Decimal Classification | Baccah | Central Library | Central Library | Second Floor | 21/06/2011 | 249.00 | 12512 | 2 | 1 | 791.4375 DRA | 000024271 | 24/08/2022 | 05/08/2021 | 21/06/2011 | CD | DVD - (NB) | 2 DVDs |